Orang jauh

Bibliographic Details
Main Author: Abdul Samad Ismail
Format: Book
Published: Kuala Lumpur : Creative Enterprise Sdn.Bhd. , 1995

MARC

LEADER 00000cam a2200000 7i4500
001 0000007428
002 000007987
005 20000330.0
020 |a 983893206X 
090 0 0 |a F   |b ABD 
100 0 |a Abdul Samad Ismail 
245 1 0 |a Orang jauh   |c Abdul Samad Ismail 
260 |a Kuala Lumpur :   |b Creative Enterprise Sdn.Bhd. ,   |c 1995 
300 |a 221p. ;   |c 18cm. 
999 |a 052060   |b BUKU   |c PINJAMAN   |e PERPUSTAKAAN KOMUNITI PETALING JAYA 
999 |a 052062   |b BUKU   |c PINJAMAN   |e PERPUSTAKAAN KOMUNITI PETALING JAYA 
999 |a 055416   |b BUKU   |c FICTION   |e PERPUSTAKAAN KOMUNITI CAW KOTA DAMANSARA 
999 |a 098839   |b BUKU   |c FICTION   |e PERPUSTAKAAN KOMUNITI PETALING JAYA